000
00265nam a2200109Ia 4500
008
201217s9999 xx 000 0 und d
100
_a
Lubbock, Basil
245
0
_a
(The) Opium Clippers
260
_a
Glasgow
_b
Brown, Son & Ferguson Ltd.
300
_a
392
942
_c
BK
999
_c
7594
_d
7594